| 000 | 00591cam a22001457a 4500 | ||
|---|---|---|---|
| 008 | 180718b1969 xxu||||| |||| 00| 0 eng d | ||
| 082 | _aT19 C333/13 | ||
| 100 | _aSzentes, Thamas | ||
| 245 |
_aThe causes, criteria and international aspect of the so called economic underdevelopment _cby Thamas Szentes |
||
| 260 |
_aBudapest _bCenter for Afro-Asian Research of the Hungarian Academy of Sciences _c1969 |
||
| 300 | _a60p. | ||
| 440 | _aStudies on developing countries, No. 13 | ||
| 650 | _aEconomic development | ||
| 700 | _aCenter for Afro-Asian Research of the Hungarian Academy of Sciences | ||
| 999 |
_c476544 _d476544 |
||